Steps in '10 Duel Commandments' Quiz Stats

 Plays Quiz not verified by Sporcle

Support Sporcle.
Go Orange.
Score 0/10 Timer 05:00
0 Plays Today
Hint Answer % Correct
Number 1: The ChallengeDemand satisfaction
91.5%
Number 2: If they don'tgrab a friend
79.1%
Number 3: have your seconds meet face to face
66.9%
Number 4: If they don’t reach a peace, that’s alright Time to get some pistols and a doctor on site
55.9%
Number 5: duel before the sun is in the sky
54.5%
Number 6: leave a note for your next of kin
47.9%
Number 7: confess your sins
47.9%
Number 10: ten paces fire
45.8%
Number 9: look em in the eye aim no higher
19.7%
Number 8: your last chance to negotiateSend in your seconds, see if they can set the record straight…
1.9%

You're not logged in!

Compare scores with friends on all Sporcle quizzes.
OR
Log In

From the Vault

Sporcle 10 Top 10 in 2010

by AdmiralMaxtreme

If only we could get David Letterman to read these out for us.
Remove Ads.
Support Sporcle.
Get the best of Sporcle when you Go Orange. This ad-free experience offers more features, more stats, and more fun while also helping to support Sporcle. Thank you for becoming a member.

Show Comments

Extras

Created Feb 3, 2016ReportNominate
Tags:hamilton

Top Quizzes Today


Score Distribution

Your Account Isn't Verified!

In order to create a playlist on Sporcle, you need to verify the email address you used during registration. Go to your Sporcle Settings to finish the process.

Report this User

Report this user for behavior that violates our Community Guidelines.

Details: